[Event "Regionalliga SO 0607"]
[Site "Bayern"]
[Date "2007.02.04"]
[Round "5.5"]
[White "Reischl, Markus"]
[Black "Kempter, Klaus"]
[Result "1/2-1/2"]
[WhiteElo "2022"]
[BlackElo "1982"]
[PlyCount "52"]
[EventDate "2006.10.15"]
[EventType "team-tourn"]
[EventRounds "9"]
[EventCountry "GER"]
[SourceTitle "EXT 2008"]
[Source "ChessBase"]
[SourceDate "2007.11.25"]
[SourceVersion "1"]
[SourceVersionDate "2007.11.25"]
[SourceQuality "1"]
[WhiteTeam "Ilmmuenster"]
[BlackTeam "Freising"]
[WhiteTeamCountry "GER"]
[BlackTeamCountry "GER"]

1. d4 d5 2. c4 c6 3. Nf3 Nf6 4. Nc3 dxc4 5. a4 Bf5 6. Ne5 e6 7. e3 Nbd7 8. Nxc4 c5 9. d5 exd5 10. Nxd5 Be6 11. Nf4 Bxc4 12. Bxc4 Nb6 13. Bb5+ Nbd7 14. Qf3 a6 15. Bxd7+ Qxd7 16. 0-0 Be7 17. Rd1 Qc8 18. Bd2 0-0 19. a5 Rd8 20. Bc3 Qc6 21. Qxc6 bxc6 22. Nd3 Nd5 23. Be5 c4 24. Ne1 f6 25. Bg3 c3 26. bxc3 Nxc3 1/2-1/2

[Event "Regionalliga SO 0607"]
[Site "Bayern"]
[Date "2006.12.10"]
[Round "4.5"]
[White "Marchhart, Matthias"]
[Black "Reischl, Markus"]
[Result "1/2-1/2"]
[WhiteElo "2126"]
[BlackElo "2022"]
[PlyCount "131"]
[EventDate "2006.10.15"]
[EventType "team-tourn"]
[EventRounds "9"]
[EventCountry "GER"]
[SourceTitle "EXT 2008"]
[Source "ChessBase"]
[SourceDate "2007.11.25"]
[SourceVersion "1"]
[SourceVersionDate "2007.11.25"]
[SourceQuality "1"]
[WhiteTeam "Trostberg"]
[BlackTeam "Ilmmuenster"]
[WhiteTeamCountry "GER"]
[BlackTeamCountry "GER"]

1. e4 c5 2. Nf3 d6 3. d4 cxd4 4. Nxd4 Nf6 5. f3 e6 6. Be3 Be7 7. Qd2 a6 8. c4 Nc6 9. Nc3 d5 10. Nxc6 bxc6 11. e5 Nd7 12. f4 0-0 13. Be2 Rb8 14. 0-0 Bc5 15. Na4 Bxe3+ 16. Qxe3 Nb6 17. Nc5 Nxc4 18. Bxc4 dxc4 19. Rf2 Rb5 20. a4 Rb4 21. Qc3 Qb6 22. Ne4 Rb3 23. Qc2 a5 24. Rd1 Ba6 25. Rd7 Rd3 26. Nc5 Rd8 27. Rxd8+ Rxd8 28. Ne4 Rd3 29. h3 Qd4 30. Nc3 h6 31. Kh2 Bb7 32. Qe2 Re3 33. Qd2 Rd3 34. Qe2 Re3 35. Qd2 Qxd2 36. Rxd2 Rd3 37. Rc2 c5 38. Kg1 Rd4 39. Rf2 Be4 40. Kh2 Bc6 41. Kg3 Kf8 42. Rc2 Ke7 43. Re2 f5 44. exf6+ Kxf6 45. h4 Bd5 46. Kg4 h5+ 47. Kg3 Rd3+ 48. Kh2 g6 49. g3 Bf3 50. Rc2 Kf5 51. Kg1 Kg4 52. Kf2 Bc6 53. Ne2 Bd5 54. Rc3 Rd2 55. Re3 Rxb2 56. Re5 c3 57. Rg5+ Kh3 58. Rxg6 c2 59. Ke3 c4 60. Rg5 c3 61. Kd3 Bb3 62. Kxc3 Rb1 63. Rxa5 Bxa4 64. Rxa4 c1Q+ 65. Nxc1 Rxc1+ 66. Kd2 1/2-1/2

[Event "Regionalliga SO 0506"]
[Site "Bayern"]
[Date "2005.10.23"]
[Round "1.5"]
[White "Reischl, Markus"]
[Black "Habdank, Christoph"]
[Result "0-1"]
[WhiteElo "2015"]
[BlackElo "2064"]
[PlyCount "86"]
[EventDate "2005.10.23"]
[EventType "team-tourn"]
[EventRounds "9"]
[EventCountry "GER"]
[SourceTitle "EXT 2007"]
[Source "ChessBase"]
[SourceDate "2006.11.23"]
[SourceVersion "1"]
[SourceVersionDate "2006.11.23"]
[SourceQuality "1"]
[WhiteTeam "Ilmmuenster"]
[BlackTeam "Graefelfing SK"]
[WhiteTeamCountry "GER"]
[BlackTeamCountry "GER"]

1. d4 d6 2. c4 g6 3. Nc3 Bg7 4. e4 Nd7 5. Nf3 Ngf6 6. Be2 0-0 7. 0-0 e5 8. Be3 c6 9. d5 c5 10. Rb1 h6 11. Nd2 Ne8 12. b4 b6 13. bxc5 Nxc5 14. Nb3 f5 15. f3 Nf6 16. Nxc5 bxc5 17. Qa4 f4 18. Bf2 Nh5 19. Qc6 Qg5 20. Rfc1 Bh3 21. Bf1 Ng3 22. hxg3 fxg3 23. Ne2 gxf2+ 24. Kxf2 Bg4 25. Rb7 Bxf3 26. gxf3 Rxf3+ 27. Ke1 Raf8 28. Kd1 Rxf1+ 29. Kc2 Rxc1+ 30. Nxc1 Qg2+ 31. Kb3 Qxe4 32. Ka3 Qxc4 33. Nb3 Qf4 34. Qxd6 e4 35. Qxg6 Qf6 36. Qxe4 Qb2+ 37. Ka4 Qxa2+ 38. Kb5 Qxb3+ 39. Kc6 Qh3 40. Qe7 Qc8+ 41. Rc7 Qa6+ 42. Kxc5 Qb6+ 43. Kc4 Rf4+ 0-1

[Event "Regionalliga SO 0405"]
[Site "Bayern"]
[Date "2005.04.10"]
[Round "9.5"]
[White "Reischl, Markus"]
[Black "Mayr, Florian"]
[Result "0-1"]
[WhiteElo "2028"]
[BlackElo "1992"]
[PlyCount "86"]
[EventDate "2004.10.24"]
[EventType "team-tourn"]
[EventRounds "9"]
[EventCountry "GER"]
[SourceTitle "EXT 2007"]
[Source "ChessBase"]
[SourceDate "2006.11.23"]
[SourceVersion "1"]
[SourceVersionDate "2006.11.23"]
[SourceQuality "1"]
[WhiteTeam "Ilmmuenster"]
[BlackTeam "Starnberg"]
[WhiteTeamCountry "GER"]
[BlackTeamCountry "GER"]

1. d4 e6 2. c4 c5 3. d5 exd5 4. cxd5 d6 5. Nc3 f5 6. e4 Nf6 7. Bb5+ Bd7 8. Bxd7+ Qxd7 9. Qe2 fxe4 10. Nxe4 Nxe4 11. Qxe4+ Be7 12. Nf3 0-0 13. 0-0 Na6 14. Re1 Rae8 15. Qe6+ Qxe6 16. dxe6 Bf6 17. Bg5 d5 18. Re2 Nb4 19. e7 Rf7 20. Bxf6 gxf6 21. Rae1 Nd3 22. Rd1 c4 23. Ne1 Nf4 24. Re3 Rfxe7 25. g3 Ne2+ 26. Kf1 d4 27. Rxe7 Rxe7 28. Nc2 d3 29. Ne3 b5 30. a4 a6 31. axb5 axb5 32. Ra1 Nd4 33. Ra8+ Kf7 34. Rd8 Re4 35. Ke1 Nf3+ 36. Kd1 Nxh2 37. Rd7+ Kg6 38. Rd5 Re5 39. Rxe5 fxe5 40. Kd2 Nf3+ 41. Kc3 Nd4 42. Nd5 Kf5 43. Kd2 Ke4 0-1

[Event "Regionalliga SO 0405"]
[Site "Bayern"]
[Date "2004.11.28"]
[Round "3.5"]
[White "Schubert, Josef"]
[Black "Reischl, Markus"]
[Result "0-1"]
[WhiteElo "1995"]
[BlackElo "2028"]
[PlyCount "150"]
[EventDate "2004.10.24"]
[EventType "team-tourn"]
[EventRounds "9"]
[EventCountry "GER"]
[SourceTitle "EXT 2007"]
[Source "ChessBase"]
[SourceDate "2006.11.23"]
[SourceVersion "1"]
[SourceVersionDate "2006.11.23"]
[SourceQuality "1"]
[WhiteTeam "Landshut"]
[BlackTeam "Ilmmuenster"]
[WhiteTeamCountry "GER"]
[BlackTeamCountry "GER"]

1. e4 c5 2. c3 Nf6 3. e5 Nd5 4. d4 cxd4 5. cxd4 Nc6 6. Nc3 Nxc3 7. bxc3 e6 8. Nf3 d6 9. exd6 Bxd6 10. Bd3 Be7 11. 0-0 b6 12. Re1 0-0 13. Bf4 Bb7 14. Qe2 Bf6 15. Rad1 g6 16. Ne5 Qc8 17. Ng4 Bg7 18. Bh6 Bxh6 19. Nxh6+ Kg7 20. Ng4 h5 21. Ne3 Ne7 22. Rc1 Qc7 23. f3 Rac8 24. Qd2 Rfd8 25. Qe2 Qf4 26. Rc2 Nd5 27. Nxd5 Bxd5 28. Be4 Bc4 29. Bd3 b5 30. Bxc4 Rxc4 31. g3 Qc7 32. Rec1 Rc8 33. Rb2 a6 34. Rbc2 b4 35. Qe3 a5 36. Kf2 a4 37. Rb1 Rb8 38. Qd3 Rc8 39. Qe3 Rxc3 40. Rxc3 Qxc3 41. Qxc3 Rxc3 42. Rxb4 Rc2+ 43. Kg1 Rxa2 44. h4 a3 45. Ra4 Ra1+ 46. Kg2 a2 47. Ra6 Kf8 48. Ra7 Ke8 49. Ra5 Ke7 50. Ra6 Kd7 51. g4 Kc7 52. g5 Kb7 53. Ra3 Kb6 54. Ra8 Kb5 55. Rb8+ Kc4 56. Rc8+ Kxd4 57. Ra8 Ke3 58. Ra3+ Kf4 59. Ra4+ Kf5 60. Ra5+ Kf4 61. Ra4+ Ke5 62. Ra5+ Kd6 63. Ra6+ Ke7 64. Ra7+ Kf8 65. Ra8+ Kg7 66. Ra7 Kg8 67. Ra8+ Kh7 68. Ra3 f6 69. gxf6 Kg8 70. Ra7 Kf8 71. Kh2 Rf1 72. Rxa2 Rxf3 73. Kg2 Rxf6 74. Ra7 Rf4 75. Kg3 Rg4+ 0-1

[Event "Regionalliga SO 0405"]
[Site "Bayern"]
[Date "2004.10.24"]
[Round "1.5"]
[White "Monninger, Moritz Franz"]
[Black "Reischl, Markus"]
[Result "1-0"]
[WhiteElo "1968"]
[BlackElo "2028"]
[PlyCount "53"]
[EventDate "2004.10.24"]
[EventType "team-tourn"]
[EventRounds "9"]
[EventCountry "GER"]
[SourceTitle "EXT 2007"]
[Source "ChessBase"]
[SourceDate "2006.11.23"]
[SourceVersion "1"]
[SourceVersionDate "2006.11.23"]
[SourceQuality "1"]
[WhiteTeam "Graefelfing"]
[BlackTeam "Ilmmuenster"]
[WhiteTeamCountry "GER"]
[BlackTeamCountry "GER"]

1. d4 Nf6 2. Bg5 Ne4 3. Bf4 c5 4. f3 Qa5+ 5. c3 Nf6 6. Nd2 cxd4 7. Nb3 Qb6 8. Qxd4 Nc6 9. Qxb6 axb6 10. Nd4 e5 11. Nxc6 exf4 12. Nd4 Bc5 13. g3 Nd5 14. gxf4 Ne3 15. Kf2 Nc2 16. Rd1 Rxa2 17. Rd2 Nxd4 18. cxd4 Ba3 19. e3 Rxb2 20. Rxb2 Bxb2 21. Bb5 0-0 22. Ne2 Ba3 23. Nc3 d6 24. Nd5 Be6 25. Ne7+ Kh8 26. d5 Bc8 27. Ra1 1-0